Kariera Keke Rosberga - Statystyki

Ogólne statystyki
  • Ten quiz został rozwiązany 5 razy
  • Średni wynik to 4 z 6
Statystyki odpowiedzi
Zespoły % Poprawnych
1982-1985 Williams
100%
1986 McLaren
80%
1978 ATS Racing
60%
1978 Theodore Racing
60%
1980-1981 Fittipaldi Automotive
40%
1979 Walter Wolf Racing
40%
Nie znaleziono quizów pasujących do podanych kryteriów
Rozkład punktacji
Procent ludzi z każdym wynikiem
Percentyl według liczby udzielonych odpowiedzi
Twoja historia wyników
Nie rozwiązałeś tego quizu